|
|
|
|
| LEADER |
00000cam a2200000 7i4500 |
| 001 |
0000002892 |
| 005 |
20040325.0 |
| 020 |
0 |
0 |
|a 9280722808
|
| 090 |
0 |
0 |
|a 341.762
|b HAN 2003
|
| 245 |
0 |
0 |
|a HANDBOOK of the convention on biological diversity
|
| 250 |
0 |
0 |
|a 2nd ed.
|
| 260 |
0 |
0 |
|a Montreal :
|b Secretariat of the Convention on Biolocial Diversity ,
|c 2003
|
| 300 |
|
|
|a xxxi, 937 p. ;
|c 24 cm.
|
| 500 |
0 |
0 |
|a Includes index
|
| 650 |
0 |
0 |
|a Biological diversity conservation
|x Law and legislation
|
| 650 |
0 |
0 |
|a Convention on Biological Diversity
|
| 998 |
|
|
|a JPSM
|
| 999 |
|
|
|a 0000005213
|b Monograph
|c Open Shelf
|e Default branch
|
| 999 |
|
|
|a 0000005214
|b Monograph
|c Open Shelf
|e Default branch
|